THE STORY OF CANCAV / (Record no. 204271)

MARC details
000 -LEADER
fixed length control field 01033nam a2200277 i 4500
005 - DATE AND TIME OF LATEST TRANSACTION
control field 20260514120946.0
008 - FIXED-LENGTH DATA ELEMENTS--GENERAL INFORMATION
fixed length control field 260514s2025 my a jr 000 1 eng d
020 ## - INTERNATIONAL STANDARD BOOK NUMBER
International Standard Book Number 9786259973227
Terms of availability RM45.00
Qualifying information paperback
040 ## - CATALOGING SOURCE
Original cataloging agency PPAK
Language of cataloging eng
Transcribing agency PPAK
Description conventions rda
082 04 - DEWEY DECIMAL CLASSIFICATION NUMBER
Edition number 23
Classification number 823.92
090 00 - LOCALLY ASSIGNED LC-TYPE CALL NUMBER (OCLC); LOCAL CALL NUMBER (RLIN)
Classification number (OCLC) (R) ; Classification number, CALL (RLIN) (NR) 823.92
Feature heading OZL
Feature heading K
100 1# - MAIN ENTRY--PERSONAL NAME
Personal name Özlü, Mahmut,
Relator term author.
245 14 - TITLE STATEMENT
Title THE STORY OF CANCAV /
Statement of responsibility, etc. Written by Mahmut Özlü ; Illustrated by Bora Karaman ; Editor Thomas John Feliciano
250 ## - EDITION STATEMENT
Edition statement 1st Co-Edition / Malaysia - 2025
264 #1 - PRODUCTION, PUBLICATION, DISTRIBUTION, MANUFACTURE, AND COPYRIGHT NOTICE
Place of production, publication, distribution, manufacture Istanbul, Tukeye :
Name of producer, publisher, distributor, manufacturer Gaga Publishing,
Date of production, publication, distribution, manufacture, or copyright notice 2025
300 ## - PHYSICAL DESCRIPTION
Extent 79 pages :
Other physical details colour illustrations ;
Dimensions 21 cm
336 ## - CONTENT TYPE
Content type term text
Source rdacontent
337 ## - MEDIA TYPE
Media type term unmediated
Source rdamedia
338 ## - CARRIER TYPE
Carrier type term volume
Source rdacarrier
500 ## - GENERAL NOTE
General note Includes grammar teaching, vocabulary activities, grammar & vocabulary quizzes.
650 10 - SUBJECT ADDED ENTRY--TOPICAL TERM
Topical term or geographic name entry element Children's stories, English
Topical term or geographic name entry element English fiction
700 1# - ADDED ENTRY--PERSONAL NAME
Personal name Karaman, Bora,
Relator term illustrator.
Personal name Feliciano, Thomas John,
Relator term editor.
942 ## - ADDED ENTRY ELEMENTS (KOHA)
Source of classification or shelving scheme Dewey Decimal Classification
Koha item type Book
Holdings
Withdrawn Not for loan Current library Shelving location Date acquired Total Checkouts Full call number Barcode Date last seen Koha item type
    Perpustakaan Alor Setar Pinjaman Kanak-kanak 26/05/2026   K 823.92 OZL A01909147 26/05/2026 Book
    Perpustakaan Awam Sungai Petani Pinjaman Kanak-kanak 26/05/2026   K 823.92 OZL A01909148 26/05/2026 Book
    Perpustakaan Baling Pinjaman Kanak-kanak 26/05/2026   K 823.92 OZL A01909152 26/05/2026 Book
    Perpustakaan Bandar Baharu Pinjaman Kanak-kanak 26/05/2026   K 823.92 OZL A01909153 26/05/2026 Book
    Perpustakaan Jitra Pinjaman Kanak-kanak 26/05/2026   K 823.92 OZL A01909149 26/05/2026 Book
    Perpustakaan Kulim Pinjaman Kanak-kanak 26/05/2026   K 823.92 OZL A01909151 26/05/2026 Book
    Perpustakaan Langkawi Pinjaman Kanak-kanak 26/05/2026   K 823.92 OZL A01909150 26/05/2026 Book